书目信息 |
| 题名: |
巾帼脱贫
|
|
| 作者: | 向德平 , 程玲 著 | |
| 分册: | ||
| 出版信息: | 北京 社会科学文献出版社 2015 |
|
| 页数: | 182页 | |
| 开本: | 23cm | |
| 丛书名: | 中国贫困片区精准脱贫研究丛书 | |
| 单 册: | ||
| 中图分类: | D442.6 | |
| 科图分类: | ||
| 主题词: | 农村--nong cun--妇女--扶贫--研究--中国 | |
| 电子资源: | ||
| ISBN: | 978-7-5097-8108-1 | |
| 000 | 01441nam0 22003011 450 | |
| 001 | 0102093618 | |
| 005 | 20170402093618.0 | |
| 010 | @a978-7-5097-8108-1@dCNY49.00 | |
| 100 | @a20151116d2015 em y0chiy50 ea | |
| 101 | 0 | @achi |
| 102 | @aCN@b110000 | |
| 105 | @ay z 000yy | |
| 106 | @ar | |
| 200 | 1 | @a巾帼脱贫@Ajin guo tuo pin@e农村贫困妇女扶持政策评估及建议@dAid for the female@eassessment for the poor women in countryside@f向德平,程玲等著@zeng |
| 210 | @a北京@c社会科学文献出版社@d2015 | |
| 215 | @a182页@d23cm | |
| 225 | 2 | @a中国贫困片区精准脱贫研究丛书@Azhong guo pin kun pian qu jing zhun tuo pin yan jiu cong shu@f黄承伟,王晓毅主编 |
| 300 | @a乐施会提供研究及出版支持 | |
| 330 | @a本书运用社会性别视角,通过对连片特困地区贫困女性的生活状态的调查,分析连片特困地区贫困女性的贫困状况、反贫困路径以及影响因素等,呈现连片特困地区贫困女性群体在反贫困中的独特经验,评估现行扶持政策对贫困妇女的实施效果,并在此基础上提出政策建议。 | |
| 461 | 0 | @12001 @a中国贫困片区精准脱贫研究丛书 |
| 510 | 1 | @aAid for the female@eassessment for the poor women in countryside@zeng |
| 517 | 1 | @a农村贫困妇女扶持政策评估及建议@Anong cun pin kun fu nv fu chi zheng ce ping gu ji jian yi |
| 606 | 0 | @a农村@Anong cun@x妇女@x扶贫@x研究@y中国 |
| 690 | @aD442.6@v5 | |
| 701 | 0 | @a向德平@Axiang de ping@f(1964~)@4著 |
| 701 | 0 | @a程玲@Acheng ling@c(女, 社会学)@4著 |
| 801 | 0 | @aCN@bTANGWEI@c20170308 |
| 905 | @b0964202-5@dD442.6@e33@f4 | |
| 巾帼脱贫:农村贫困妇女扶持政策评估及建议=Aid for the female:assessment for the poor women in countryside/向德平,程玲等著.-北京:社会科学文献出版社,2015 |
| 182页;23cm.-(中国贫困片区精准脱贫研究丛书/黄承伟,王晓毅主编) |
| 乐施会提供研究及出版支持 |
| ISBN 978-7-5097-8108-1:CNY49.00 |
| 本书运用社会性别视角,通过对连片特困地区贫困女性的生活状态的调查,分析连片特困地区贫困女性的贫困状况、反贫困路径以及影响因素等,呈现连片特困地区贫困女性群体在反贫困中的独特经验,评估现行扶持政策对贫困妇女的实施效果,并在此基础上提出政策建议。 |
| ● |
| 相关链接 |
|
|
|
|
正题名:巾帼脱贫
索取号:D442.6/33
 
预约/预借
| 序号 | 登录号 | 条形码 | 馆藏地/架位号 | 状态 | 备注 |
| 1 | 0964202 | 209642029 | 第一样本阅览室/ [索取号:D442.6/33] | 在馆 | |
| 2 | 0964203 | 209642038 | 第一借阅区/ [索取号:D442.6/33] | 在馆 | |
| 3 | 0964204 | 209642047 | 第一借阅区/ [索取号:D442.6/33] | 在馆 | |
| 4 | 0964205 | 209642056 | 第一借阅区/ [索取号:D442.6/33] | 在馆 |